| 000 | 01754ngm a22003730a 4500 | ||
|---|---|---|---|
| 001 | PT26220 | ||
| 003 | AR-LpoUNG | ||
| 005 | 20210202000406.0 | ||
| 007 | vd cvaizq | ||
| 008 | 191001s2006||||ag |||||||||||||||||spa d | ||
| 040 |
_aAR-LpoUNG _bspa _cAR-LpoUNG _eaacr |
||
| 041 | _aspa | ||
| 044 | _aag | ||
| 082 | 0 | _a304.809 186c3-4 | |
| 100 | 1 |
_aCampanella, Juan José _edir. |
|
| 245 | 1 | 0 |
_aVientos de agua : _bcapítulos 3 y 4 |
| 260 |
_aBuenos Aires : _bTelecinco - 100 Bares, _c2006. |
||
| 300 | _aDVD (140 min.) : son., col. | ||
| 520 | _aCapítulo 3: 1934: Andrés y sus compañeros de viaje llegan a Buenos Aires. Andrés y Juliusz se instalan en un conventillo. Gemma va a vivir con su despótica tía, y se devela el misterio del desconocido marido de Laia. 2001: Ernesto llega a Madrid y sus tribulaciones, por ser un inmigrante argentino, para conseguir una vivienda en la patria de su padre, le harán perder viejos amigos y conocer nuevos. Capítulo 4: 1936: Andrés y Juliusz comienzan a militar dentro del anarquismo, lo que les trae problemas con la ley. Andrés conoce a Vidal, un joven anarquista apasionado que le recordará a su hermano muerto. 2002: inmerso en un ambiente poblado de inmigrantes latinos, Ernesto comienza a revalidar su título de arquitecto, mientras las dificultades económicas en Argentina hacen cada vez más difícil su reunión con su familia. | ||
| 650 | 4 | _aARGENTINA | |
| 650 | 4 | _aASPECTOS POLITICOS | |
| 650 | 4 | _aESPAÑA | |
| 650 | 4 | _aHISTORIA SOCIAL | |
| 650 | 4 | _aINMIGRACION | |
| 650 | 4 | _aINMIGRANTES | |
| 650 | 4 | _aMIGRACION | |
| 650 | 4 | _aMIGRANTES | |
| 651 | 4 | _aArgentina | |
| 653 | _aCINE ARGENTINO | ||
| 653 | _aDVD | ||
| 653 | _aVIDEOS | ||
| 905 | _a26220 | ||
| 942 | _cDVD | ||
| 999 |
_c54767 _d54767 |
||